Statistics for 2023-24 NFL OFFSEASON MOVES QUIZ

Click here to take the quiz!

General Stats

  • This quiz has been taken 67 times
  • The average score is 23 of 39

Answer Stats

HintAnswer% Correct
GB > NYJAaron Rodgers
95%
GB > NYJAllen Lazard
88%
GB > NYJRandall Cobb
80%
LAR > PITAllen Robinson
77%
DAL > HOUDalton Schultz
75%
CAR > CHIDJ Moore
75%
NYJ > CLEElijah Moore
75%
LAR > MIA (DEF)Jalen Ramsey
71%
KC > NEJuJu Smith-Schuster
71%
HOU > DALBrandin Cooks
66%
LV > NODerek Carr
66%
DET > NOJamaal Williams
66%
MIN > CARAdam Thielen
64%
DET > PHID'Andre Swift
64%
NE > LVJakobi Meyers
64%
LAR > BALOdell Beckham Jr
64%
LAR > SEA (DEF)Bobby Wagner
63%
LV > NYGDarren Waller
61%
CIN > ATL (DEF)Jessie Bates
61%
PHI > CARMiles Sanders
59%
SEA > PHIRashaad Penny
59%
MIN > PIT (DEF)Patrick Peterson
57%
SF > LVJimmy Garoppolo
54%
LAR > TBBaker Mayfield
50%
PHI > SF (DEF)Javon Hargrave
50%
SF > DALTrey Lance
50%
CHI > DETDavid Montgomery
48%
DET > CARD.J. Chark
48%
TEN > HOURobert Woods
48%
IND > DAL (DEF)Stephon Gilmore
48%
BUF > CHI (DEF)Tremaine Edmunds
48%
MIA > NEMike Gesicki
46%
NE > BUFDamien Harris
45%
NO > CARAndy Dalton
43%
BUF > HOUDevin Singletary
43%
CLE > WASJacoby Brissett
39%
CAR > SFSam Darnold
38%
WAS > ATLTaylor Heinicke
34%
CAR > CHID'Onta Foreman
32%

Score Distribution

Percentile by Number Answered

Percent of People with Each Score

Your Score History

You have not taken this quiz